000 00705nam a2200289Ia 4500
005 20260324121723.0
008 008 260324s9999 xx 000 0 eng d
020 _a9780203796597
037 _aEBOOK
040 _aCRL
040 _beng
040 _cCRL
041 _2eng
041 _aeng
084 _qCRL
100 _aFulong Wu; Fangzhu Zhang; Chris Webster
_91163609
245 0 _aRural Migrants in Urban China
245 0 _bEnclaves and Transient Urbanism
260 _bTaylor and Francis
260 _c2013
365 _a
365 _b240
856 _uhttp://www.taylorfrancis.com/books/9780203796597
942 _cEBOOK
999 _c1755888
_d1755888